000
00310nam a2200121Ia 4500
008
190216s9999||||xx |||||||||||||| ||und||
100
_a
Gupta M P&Amp; Sharma J K
245
0
_a
Operation Research For Management
260
_b
Yamuna Pub Tvm
_c
1997
300
_a
827p
650
_a
Operation Research
942
_c
BK
999
_c
5873
_d
5873